000 00574nam a2200217 a 4500
999 _c8452
_d8452
001 8452
003 BD-JhCC
005 20181002175807.0
008 180224b1966 e |||| ||a| 000 0 eng d
035 _a(BD-JhCC) 8452
040 _aBD-JhCC
_dBD-JhCC
041 _aeng
082 _a155.41
_bPRI 1966
100 _aPringle, M.K. Kellmer
245 _aSocial Learning and Its Measurement /
_bM.K. Kellmer Pringle,
260 _aLondon :
_bLongmans ,
_c1966
300 _a100 p .:
_c17 cm .
650 _aSocial Learning, Child Study
942 _2ddc
_cBK